1659 1926 1710 1663 1119 1792 1808 1157 1946 1880 1838 1445 1090 1925 1697 1481 1681 1122 1254 1472 1109 1661 1554 1223 1564 1734 1803 1418 1512 1684 1487 1565 1570 1559 1472 1197 1294 1498 1676 1349 1825 1642 1262 1520 1403 1984 1368 1058 1235 1762 1648 1288 1816 1791 1507 1733 1223 1959 1435 1259 1683 1729 1791 1988 1405 1734 1708 1996 1808 1015 1927 1647 1123 1635 1084 1397 1136 1818 1915 1954 1555 1373 1708 1786 1156 1831 1550 1233 1082 1231 1762 1934 1755 1825 1557 1989 1464 1373 1731 BCNSPRNW ULIB Ver.6.0+V

เปลี่ยนเป็นภาษาไทย

Change to English
 แสดงรายละเอียดบรรณานุกรม
  กลับหน้าหลัก

Brief Record : Get Marc (ISO 2709) : E-mail record : QR code < ปิดหน้าต่าง
LEADER : 00000nam 2200000uu 4500
001    13399124675
003     ULIB
008    151120s2546||||th 000 0 tha d
099    ^aวพ.W 4^bศ173ร
100 0  ^aศรีสังวาลย์ เนตรอนงค์
245 10 ^aระยะเวลาในการจำหน่ายและปัจจัยที่เกี่ยวข้องของผู้ป่วยหลังได้รับยาระงับความรู้สึกทั่วไปในห้องพักฟื้น โรงพยาบาลนครพิงค์ /^cศรีสังวาลย์ เนตรอนงค์
260    ^aเชียงใหม่ :^bบัณฑิตวิทยาลัย มหาวิทยาลัยเชียงใหม่,^c2546
300    ^aฌ, 97 แผ่น :^bตาราง
502    ^aวิทยานิพนธ์ (พยาบาลศาสตรมหาบัณฑิต (สาขาวิชาการบริหารการพยาบาล)) -- มหาวิทยาลัยเชียงใหม่
504    ^aบรรณานุกรม: แผ่น 79 - 84
610 27 ^aโรงพยาบาลนครพิงค์
650  2 ^aDissertations, academic^xnursing
650  2 ^aPatient discharge
650  2 ^aAnesthesia
650  2 ^aRecovery room
650  7 ^aโรงพยาบาล^xการรับและจำหน่ายผู้ป่วย
650  7 ^aผู้ป่วย^xการดูแล
650  7 ^aยาระงับความรู้สึก
710 2  ^aมหาวิทยาลัยเชียงใหม่.^bบัณฑิตวิทยาลัย
710 2  ^aมหาวิทยาลัยเชียงใหม่.^bสาขาวิชาการบริหารการพยาบาล
945    ^p0^l0^i000218
999    ^aวรรณษา ชูชัยมงคล
รายการนี้ยังไม่มีแท็ก
คุณยังไม่ได้ล็อกอิน คุณสามารถมีกิจกรรมร่วมกับเว็บไซต์ได้ แต่ต้องล็อกอินก่อน ::
  ล็อกอิน

รายการสื่อสารสนเทศ

ลำดับที่ ประเภท เลขเรียก/บาร์โค้ด สถานที่ สถานะ
1. วิทยานิพนธ์
วิทยานิพนธ์
วพ.W 4 ศ173ร ฉ.1 
  Barcode: 000218
ห้องสมุดวิทยาเขตสวรรค์ประชารักษ์
► วิทยานิพนธ์
บนชั้น

รายการใกล้เคียง
    หัวเรื่อง [Patient discharge]
    หัวเรื่อง [Anesthesia]
    หัวเรื่อง [ผู้ป่วย การดูแล]
    หัวเรื่อง [ยาระงับความรู้สึก]

BibComment


ยังไม่เคยถูกคอมเมนท์

คอมเมนท์ทรัพยากรรายการนี้
  คอมเมนท์: ระยะเวลาในการจำห..


 Copyright 2026. Bcnsprnw @Library